000 00293nam a22001337a 4500
008 170511b xxu||||| |||| 00| 0 eng d
020 _a9780735588257
041 _aeng
080 _25 ED
_a34
100 _a15
101 _aSHJ
245 _aCONSTITUTIONAL LAW
_cMAY.CH.N
942 _2udc
_cBK
999 _c13180
_d13180